[Event "WchT Blitz Pool A"]
[Site "London"]
[Date "2025.06.14"]
[Round "9.2"]
[White "Jacobsen, Mikkel Manosri"]
[Black "Short, Nigel D"]
[Result "1-0"]
[WhiteElo "2223"]
[BlackElo "2587"]
[PlyCount "71"]
[EventDate "2025.06.14"]
[EventType "team-tourn"]
[EventRounds "13"]
[EventCountry "ENG"]
[SourceTitle "CB25_2025"]
[SourceDate "2025.06.18"]
[SourceVersion "1"]
[SourceVersionDate "2025.06.18"]
[SourceQuality "1"]
[WhiteTeam "Allez-Y Initiative!"]
[BlackTeam "FIDE MB Team"]
[WhiteTeamCountry "DEN"]

1. c4 e5 2. g3 d6 3. Bg2 Nc6 4. Nc3 Be6 5. d3 Qd7 6. Rb1 g6 7. b4 Bg7 8. Bd2 Nge7 9. Nd5 0-0 10. e3 a6 11. a4 b5 12. Nxe7+ Nxe7 13. Bxa8 Rxa8 14. cxb5 axb5 15. a5 Bd5 16. e4 Bb7 17. f3 f5 18. Ne2 d5 19. 0-0 dxe4 20. dxe4 fxe4 21. fxe4 Bxe4 22. Rc1 Bb7 23. Be3 Nd5 24. Bc5 Bh6 25. Qd3 Bxc1 26. Rxc1 Rd8 27. Rd1 Qc6 28. Qe4 Re8 29. Rd3 Nxb4 30. Qxc6 Nxc6 31. Rd7 Nxa5 32. Rxc7 Bc8 33. Nc3 Bh3 34. Kf2 Nb3 35. Nxb5 Nxc5 36. Rxc5 1-0

[Event "WchT Blitz Pool A"]
[Site "London"]
[Date "2025.06.14"]
[Round "2.2"]
[White "Short, Nigel D"]
[Black "Rusu, Lucas"]
[Result "1-0"]
[WhiteElo "2587"]
[BlackElo "2038"]
[PlyCount "81"]
[EventDate "2025.06.14"]
[EventType "team-tourn"]
[EventRounds "13"]
[EventCountry "ENG"]
[SourceTitle "CB25_2025"]
[SourceDate "2025.06.18"]
[SourceVersion "1"]
[SourceVersionDate "2025.06.18"]
[SourceQuality "1"]
[WhiteTeam "FIDE MB Team"]
[BlackTeam "xChess.AI"]
[BlackTeamCountry "ROU"]

1. e4 c5 2. Nc3 Nc6 3. g3 g6 4. Bg2 Bg7 5. d3 d6 6. Be3 e6 7. Qd2 Nge7 8. h4 h5 9. Nh3 Nd4 10. 0-0 e5 11. f4 exf4 12. Nxf4 Be6 13. Nd1 Qd7 14. c3 Ndc6 15. d4 cxd4 16. cxd4 Bc4 17. Re1 0-0 18. b3 Ba6 19. Rc1 Rac8 20. Bh3 f5 21. Nf2 Rce8 22. Qd1 Kh7 23. d5 Ne5 24. Ne6 Rf7 25. Ng5+ Kg8 26. Nxf7 Kxf7 27. Bxa7 Bh6 28. Be3 Bxe3 29. Rxe3 Qb5 30. exf5 Qb6 31. fxg6+ Kg7 32. Qd2 Rf8 33. Bg2 Nf5 34. Rec3 Nd4 35. Rc7+ Kg8 36. Qh6 Ne2+ 37. Kh1 Nxg3+ 38. Kh2 Nf3+ 39. Kxg3 Qxf2+ 40. Kxf2 Ne5+ 41. Kg1 1-0

[Event "WchT Rapid"]
[Site "London"]
[Date "2025.06.12"]
[Round "5.2"]
[White "Short, Nigel D"]
[Black "Bilguun, Sumiya"]
[Result "0-1"]
[WhiteElo "2533"]
[BlackElo "2438"]
[PlyCount "140"]
[EventDate "2025.06.11"]
[EventType "team-swiss"]
[EventRounds "12"]
[EventCountry "ENG"]
[SourceTitle "CB25_2025"]
[SourceDate "2025.06.18"]
[SourceVersion "1"]
[SourceVersionDate "2025.06.18"]
[SourceQuality "1"]
[WhiteTeam "FIDE MB Team"]
[BlackTeam "Mongolia II"]
[BlackTeamCountry "MGL"]

1. e4 c5 2. Nf3 e6 3. g3 Nc6 4. Bg2 Nf6 5. Qe2 e5 6. Na3 d6 7. c3 Be7 8. 0-0 0-0 9. Nc2 Re8 10. d3 h6 11. b4 a6 12. a3 d5 13. Bb2 Bf8 14. Rfe1 Bg4 15. exd5 Nxd5 16. h3 Bh5 17. Rad1 cxb4 18. Nxb4 Rc8 19. Nxd5 Qxd5 20. g4 Bg6 21. Nh4 Qd6 22. Nxg6 Qxg6 23. Be4 Qf6 24. Qf3 Qxf3 25. Bxf3 Red8 26. Kf1 g6 27. c4 Bg7 28. Re3 Rc7 29. Rb1 Rcd7 30. Ke2 Nd4+ 31. Bxd4 exd4 32. Re4 b5 33. cxb5 axb5 34. Rxb5 Ra7 35. a4 Rxa4 36. Re7 Bf6 37. Rc7 Ra2+ 38. Kd1 Rxf2 39. Be4 Bg5 40. Ke1 Bh4 41. Kd1 Rd6 42. Rb8+ Kg7 43. Rcc8 Ra6 44. Rg8+ Kf6 45. Ra8 Rxa8 46. Rxa8 Bg5 47. Ra7 Ke5 48. Ke1 Bh4 49. Kd1 Bg5 50. Ke1 Be3 51. Bc6 f5 52. gxf5 gxf5 53. Bd7 f4 54. Ra5+ Kd6 55. Bg4 Rd2 56. Ra3 Ke5 57. Bf3 Rf2 58. Ra5+ Kf6 59. Bg4 Rd2 60. h4 Rxd3 61. Ra6+ Ke5 62. Ra5+ Kd6 63. Ra6+ Kc5 64. Rxh6 Rd2 65. Rh5+ Kb4 66. Rd5 Rh2 67. h5 Kc4 68. Be6 d3 69. Kf1 Kc3 70. Bg4 f3 0-1

[Event "AUT-chT Blitz"]
[Site "Pasching"]
[Date "2025.05.31"]
[Round "8.17"]
[White "Nasuta, Grzegorz"]
[Black "Short, Nigel D"]
[Result "1/2-1/2"]
[WhiteElo "2498"]
[BlackElo "2587"]
[PlyCount "55"]
[EventDate "2025.05.31"]
[EventType "team-swiss (blitz)"]
[EventRounds "13"]
[EventCountry "AUT"]
[SourceTitle "CB23_2025"]
[SourceDate "2025.06.04"]
[SourceVersion "1"]
[SourceVersionDate "2025.06.04"]
[SourceQuality "1"]
[WhiteTeam "Elite Team"]
[BlackTeam "FIDE"]
[WhiteTeamCountry "POL"]

1. e4 e5 2. Nf3 Nc6 3. Bc4 Bc5 4. d3 Nf6 5. 0-0 d6 6. c3 Bb6 7. Nbd2 0-0 8. h3 Ne7 9. Re1 Ng6 10. Bb3 Be6 11. Nf1 Re8 12. Ng3 h6 13. Bxe6 Rxe6 14. d4 c6 15. Be3 Qc7 16. Qc2 Rae8 17. Rad1 d5 18. dxe5 Nxe4 19. Nxe4 dxe4 20. Bxb6 Qxb6 21. Rxe4 Nxe5 22. Nd4 R6e7 23. Nf5 Re6 24. Rde1 Qc7 25. Nd4 R6e7 26. Nf5 Re6 27. Nd4 R6e7 28. Nf5 1/2-1/2

[Event "AUT-chT Blitz"]
[Site "Pasching"]
[Date "2025.05.31"]
[Round "6.17"]
[White "Subelj, Jan"]
[Black "Short, Nigel D"]
[Result "0-1"]
[WhiteElo "2537"]
[BlackElo "2587"]
[PlyCount "88"]
[EventDate "2025.05.31"]
[EventType "team-swiss (blitz)"]
[EventRounds "13"]
[EventCountry "AUT"]
[SourceTitle "CB23_2025"]
[SourceDate "2025.06.04"]
[SourceVersion "1"]
[SourceVersionDate "2025.06.04"]
[SourceQuality "1"]
[WhiteTeam "Fuerstenfeld"]
[BlackTeam "FIDE"]
[WhiteTeamCountry "AUT"]

1. e4 e5 2. Nf3 Nc6 3. Bb5 a6 4. Ba4 Nf6 5. 0-0 Be7 6. d3 d6 7. c3 Bg4 8. Nbd2 Bh5 9. Re1 g5 10. Nf1 g4 11. Nh4 g3 12. f3 gxh2+ 13. Nxh2 Bg6 14. Bg5 Nd7 15. Bxe7 Qxe7 16. Bxc6 bxc6 17. g3 Rg8 18. Qd2 h5 19. Kh1 Qf6 20. d4 Bh7 21. Rg1 c5 22. dxc5 Nxc5 23. Qd5 Ke7 24. Raf1 Ne6 25. Qc6 a5 26. Ng2 Rab8 27. Ne3 Kf8 28. b4 axb4 29. cxb4 Qd8 30. Nd5 Nd4 31. Qxc7 Qxc7 32. Nxc7 Rxb4 33. Rb1 Ra4 34. Nd5 Kg7 35. Rb6 Nxf3 36. Nc3 Nxg1 37. Nxa4 Ne2 38. Kg2 Bxe4+ 39. Kf2 Nd4 40. Rxd6 Rc8 41. Ke1 Rc2 42. Nf1 Re2+ 43. Kd1 Bc2+ 44. Kc1 Bxa4 0-1

[Event "PlusCity Grand Prix Blitz"]
[Site "Pasching"]
[Date "2025.05.29"]
[Round "1"]
[White "Short, Nigel D"]
[Black "Pedevilla, Luis"]
[Result "1-0"]
[WhiteElo "2587"]
[BlackElo "1929"]
[PlyCount "55"]
[EventDate "2025.05.29"]
[EventType "swiss (blitz)"]
[EventRounds "13"]
[EventCountry "AUT"]
[SourceTitle "CB23_2025"]
[SourceDate "2025.06.04"]
[SourceVersion "1"]
[SourceVersionDate "2025.06.04"]
[SourceQuality "1"]

1. e4 c5 2. Nf3 e6 3. b3 Nf6 4. e5 Nd5 5. Bb2 Nc6 6. g3 Be7 7. Bg2 0-0 8. 0-0 f6 9. Nc3 Nxc3 10. Bxc3 fxe5 11. Nxe5 Nxe5 12. Bxe5 Bf6 13. Qe2 d6 14. Bc3 Rb8 15. f4 b5 16. Rfe1 b4 17. Bxf6 Qxf6 18. a3 Qb2 19. axb4 Qxc2 20. Be4 Qb2 21. bxc5 d5 22. Bg2 Rxb3 23. Rxa7 Qd4+ 24. Qf2 Qb4 25. c6 Rb2 26. Qe3 d4 27. Qe5 Qxd2 28. Qxg7# 1-0

[Event "Bangkok op 22nd"]
[Site "Bangkok"]
[Date "2025.04.21"]
[Round "9"]
[White "Short, Nigel D"]
[Black "Arca, Christian Gian Karl"]
[Result "1-0"]
[WhiteElo "2594"]
[BlackElo "2250"]
[PlyCount "79"]
[EventDate "2025.04.13"]
[EventType "swiss"]
[EventRounds "9"]
[EventCountry "THA"]
[SourceTitle "CB17_2025"]
[SourceDate "2025.04.23"]
[SourceVersion "1"]
[SourceVersionDate "2025.04.23"]
[SourceQuality "1"]

1. e4 c6 2. d4 d5 3. e5 Bf5 4. c4 e6 5. Nc3 Ne7 6. Nge2 h5 7. Nf4 Bg4 8. Qb3 Qb6 9. h3 Bf5 10. Be2 Nd7 11. Qxb6 Nxb6 12. c5 Nd7 13. Nxh5 Bg6 14. Nf4 Nf5 15. Nxg6 fxg6 16. Be3 b6 17. cxb6 axb6 18. Bd3 c5 19. Nb5 cxd4 20. Bxf5 gxf5 21. Nxd4 Kf7 22. Nf3 Bc5 23. Bd2 Ra4 24. 0-0 Bd4 25. Rac1 Nxe5 26. Rc7+ Kg6 27. Nxd4 Rxd4 28. Bc3 Re4 29. f3 Re2 30. f4 Nf7 31. Rf3 e5 32. Rg3+ Kf6 33. Rc6+ Ke7 34. Rxg7 Kf8 35. Rgg6 d4 36. Bb4+ Ke8 37. Rxb6 Rxb2 38. Rb7 Nd8 39. Re7+ Kf8 40. Bd6 1-0

[Event "Bangkok op 22nd"]
[Site "Bangkok"]
[Date "2025.04.18"]
[Round "6"]
[White "Chernyavsky, Alexander"]
[Black "Short, Nigel D"]
[Result "0-1"]
[WhiteElo "2358"]
[BlackElo "2594"]
[PlyCount "60"]
[EventDate "2025.04.13"]
[EventType "swiss"]
[EventRounds "9"]
[EventCountry "THA"]
[SourceTitle "CB17_2025"]
[SourceDate "2025.04.23"]
[SourceVersion "1"]
[SourceVersionDate "2025.04.23"]
[SourceQuality "1"]

1. d4 Nf6 2. c4 e6 3. Nc3 Bb4 4. e3 c5 5. Nge2 cxd4 6. exd4 d5 7. a3 Be7 8. c5 b6 9. b4 0-0 10. g3 a5 11. Rb1 axb4 12. axb4 bxc5 13. dxc5 Nc6 14. Bg2 Rb8 15. Qa4 Bd7 16. b5 Ne5 17. Qd4 Bxc5 18. Qxe5 Bxf2+ 19. Kd1 Qb6 20. Bh6 gxh6 21. Qxf6 Qe3 22. Rb4 Qd3+ 23. Kc1 Be3+ 24. Kb2 Rxb5 25. Rxb5 Qd2+ 26. Kb3 Bxb5 27. Nxb5 Rb8 28. Nec3 Bd4 29. Qf4 Qxc3+ 30. Ka2 Qb2# 0-1

[Event "Bangkok op 22nd"]
[Site "Bangkok"]
[Date "2025.04.13"]
[Round "1"]
[White "Short, Nigel D"]
[Black "Luong, Hoang Tu Linh"]
[Result "1-0"]
[WhiteElo "2594"]
[BlackElo "1939"]
[PlyCount "59"]
[EventDate "2025.04.13"]
[EventType "swiss"]
[EventRounds "9"]
[EventCountry "THA"]
[SourceTitle "CB17_2025"]
[SourceDate "2025.04.23"]
[SourceVersion "1"]
[SourceVersionDate "2025.04.23"]
[SourceQuality "1"]

1. d4 Nf6 2. c4 e6 3. Nf3 Bb4+ 4. Nbd2 d5 5. Qa4+ Nc6 6. a3 Be7 7. e3 0-0 8. Qc2 Re8 9. b4 a6 10. Bb2 dxc4 11. Bxc4 Bd6 12. Ne5 Bxe5 13. dxe5 Nd7 14. Nf3 Ne7 15. Bd3 h6 16. 0-0 c6 17. Rfd1 Qc7 18. Bh7+ Kh8 19. Be4 b6 20. Rd6 Bb7 21. Rad1 Red8 22. Qd2 Nd5 23. Bb1 b5 24. Bd4 Nf8 25. e4 Ne7 26. Bb6 Qxb6 27. Rxd8 Kg8 28. Rxa8 Bxa8 29. Qd8 Qa7 30. Qxf8+ 1-0

[Event "FIDE World Rapid Team"]
[Site "Almaty"]
[Date "2024.08.04"]
[Round "9.25"]
[White "Short, Nigel D"]
[Black "Isanzhulov, Arystan"]
[Result "1/2-1/2"]
[WhiteElo "2594"]
[BlackElo "2401"]
[PlyCount "127"]
[EventDate "2024.08.02"]
[EventType "team (rapid)"]
[EventRounds "12"]
[EventCountry "KAZ"]
[SourceTitle "CBM 221 Extra"]
[Source "ChessBase"]
[SourceDate "2024.09.30"]
[SourceVersion "1"]
[SourceVersionDate "2024.09.30"]
[SourceQuality "1"]
[WhiteTeam "FIDE Management Board"]
[BlackTeam "Kazakhstan Teniz"]
[BlackTeamCountry "KAZ"]

1. e4 c5 2. Nf3 e6 3. b3 Nc6 4. Bb2 a6 5. c4 Nf6 6. e5 Ng4 7. h3 Nh6 8. Nc3 d6 9. exd6 Nf5 10. Ne4 Bxd6 11. g4 Nfd4 12. Nxd4 Nxd4 13. Bxd4 cxd4 14. Bg2 Bf4 15. Nc5 Qg5 16. Nd3 e5 17. Qe2 0-0 18. Be4 Rb8 19. 0-0-0 b5 20. c5 a5 21. Kb1 Be6 22. f3 Rfc8 23. h4 Qe7 24. Rc1 Bc4 25. bxc4 bxc4+ 26. Ka1 cxd3 27. Qxd3 Rxc5 28. Rb1 Rxb1+ 29. Rxb1 g6 30. h5 Kg7 31. hxg6 hxg6 32. Rb7 Qf6 33. Kb2 Qe6 34. a3 a4 35. Rb4 Qd7 36. Rb7 Rc7 37. Rxc7 Qxc7 38. Qc2 Qa5 39. d3 Bd2 40. Bc6 Bc3+ 41. Ka2 Qb6 42. Bxa4 Qb7 43. Qe2 Qb8 44. Bb3 Qc7 45. g5 Qa5 46. Qh2 Kg8 47. f4 Bb4 48. a4 Be7 49. f5 Qb4 50. Qc2 gxf5 51. g6 Qa3+ 52. Kb1 Qb4 53. gxf7+ Kg7 54. Qg2+ Kf6 55. Qc6+ Kg7 56. Kc2 e4 57. Qc4 Qxc4+ 58. Bxc4 e3 59. Kd1 Bb4 60. Ke2 Kf8 61. Kf3 Ke7 62. Bb3 Ba5 63. Be6 Bb4 64. Bc4 1/2-1/2

[Event "FIDE World Rapid Team"]
[Site "Almaty"]
[Date "2024.08.04"]
[Round "11.31"]
[White "Short, Nigel D"]
[Black "Wageih, Kareim"]
[Result "1-0"]
[WhiteElo "2594"]
[BlackElo "2402"]
[PlyCount "83"]
[EventDate "2024.08.02"]
[EventType "team (rapid)"]
[EventRounds "12"]
[EventCountry "KAZ"]
[SourceTitle "CBM 221 Extra"]
[Source "ChessBase"]
[SourceDate "2024.09.30"]
[SourceVersion "1"]
[SourceVersionDate "2024.09.30"]
[SourceQuality "1"]
[WhiteTeam "FIDE Management Board"]
[BlackTeam "Egypt"]
[BlackTeamCountry "EGY"]

1. e4 c5 2. Nf3 e6 3. d4 cxd4 4. Nxd4 Nc6 5. Nc3 Qc7 6. Be2 a6 7. 0-0 Nf6 8. Kh1 b5 9. Nxc6 dxc6 10. f4 Be7 11. e5 Nd5 12. Nxd5 cxd5 13. Bd3 g6 14. a3 Bb7 15. Bd2 Rc8 16. Bb4 d4 17. Qd2 0-0 18. Rf2 Bc5 19. Re1 Bd5 20. h3 Rfd8 21. Bxc5 Qxc5 22. Kh2 Bc4 23. g4 Bxd3 24. cxd3 Rd5 25. Rg2 Qc7 26. Qf2 a5 27. Re4 Qc1 28. f5 exf5 29. gxf5 Qc7 30. Qg3 Re8 31. Rge2 Kh8 32. Qg5 Qe7 33. f6 Qf8 34. Rh4 Re6 35. Ree4 Kg8 36. Kg3 b4 37. axb4 axb4 38. Re1 b3 39. Re2 Rc6 40. Rh6 Qb8 41. Re4 Qf8 42. Reh4 1-0

[Event "FIDE World Rapid Team"]
[Site "Almaty"]
[Date "2024.08.02"]
[Round "2.1"]
[White "Rapport, Richard"]
[Black "Short, Nigel D"]
[Result "1-0"]
[WhiteElo "2715"]
[BlackElo "2594"]
[PlyCount "59"]
[EventDate "2024.08.02"]
[EventType "team (rapid)"]
[EventRounds "12"]
[EventCountry "KAZ"]
[SourceTitle "CBM 221 Extra"]
[Source "ChessBase"]
[SourceDate "2024.09.30"]
[SourceVersion "1"]
[SourceVersionDate "2024.09.30"]
[SourceQuality "1"]
[WhiteTeam "Chessy"]
[BlackTeam "FIDE Management Board"]
[WhiteTeamCountry "FRA"]

1. e4 e5 2. Nf3 Nc6 3. Bb5 a6 4. Ba4 Nf6 5. Nc3 Be7 6. Bxc6 dxc6 7. Qe2 Bg4 8. h3 Bxf3 9. Qxf3 Qd6 10. d3 0-0-0 11. Nd1 Qe6 12. Bd2 Kb8 13. Ne3 g6 14. a4 h5 15. b4 Nd7 16. 0-0 Rhf8 17. b5 cxb5 18. axb5 axb5 19. Nd5 Bc5 20. Ra8+ Kxa8 21. Nxc7+ Kb8 22. Nxe6 fxe6 23. Qg3 Rf6 24. Bg5 Rdf8 25. Bxf6 Rxf6 26. c3 Kc7 27. d4 Bd6 28. Qd3 exd4 29. cxd4 e5 30. f4 1-0